Z jakiej gry to cytat? - Statystyki

Ogólne statystyki
  • Ten quiz został rozwiązany 1 873 razy
  • Średni wynik to 3 z 11
Statystyki odpowiedzi
Cytat Gra % Poprawnych
"Ah shit, here we go again." GTA San Andreas
91%
"The cake is a lie." Portal
43%
"Get over here!" Mortal Kombat
41%
"War. War never changes." Fallout
40%
"Cheers love, The cavalary's here!" Overwatch
32%
"It's time to kick ass and chew bubblegum... and I'm all outta gum." Duke Nukem 3D
14%
"Endure and survive." The last of us
9%
"If history only remembers one in a thousands of us, then the future will be filled with stories of who we were and what we did." Battlefield 1
8%
"No gods or kings. Only man." Bioshock
7%
"Wake me when you need me." Halo 3
4%
"You can’t break a man the way you break a dog, or a horse. The harder you beat a man, the taller he stands." Far Cry 2
3%
Nie znaleziono quizów pasujących do podanych kryteriów
Rozkład punktacji
Procent ludzi z każdym wynikiem
Percentyl według liczby udzielonych odpowiedzi
Twoja historia wyników
Nie rozwiązałeś tego quizu